Pays européens commençant et se terminant par une consonne - Statistiques

Statistiques générales
  • Ce quiz a été pris 1 139 fois
  • Le résultat moyen est 5 sur 7
Statistiques - réponses
Pays % Correct
Portugal
88%
Liechtenstein
73%
Luxembourg
73%
Pays-Bas
72%
Vatican
72%
Danemark
71%
Saint-Marin
64%
Aucun quiz correspondant
Distribution des résultats
% des personnes avec chaque résultat
Percentile par nombre de réponses
Votre historique - résultats
Vous n’avez pas pris ce quiz